000 00943nam a2200265Ia 4500
003 OSt
005 20221005104918.0
006 a|||||r|||| 00| 0
007 ta
008 221004b |||||||| |||| 00| 0 snd d
020 _c60
024 _a122823
037 _b051, 30/03/2012, Sindhi Academy, Delhi
_cTextual
040 _aCRL
_cCRL
_bsnd
041 _2snd
_asnd
082 _aP1593:3, N8
100 _aजैतली, मुरलीधर
245 0 _aसिन्धी पहाका ऐं मुहावरा
246 _aSindhī pahākā aian muhāvarā
260 _aदिल्ली
_bसिन्धू धारा प्रकाशन भारत
_c1998
300 _a128पृ0
_ccm.
650 _aसिन्धी साहित्य
942 _hP1593:3, N8
_cTEXL
_2cc
999 _c1014166
_d1014166